|
|
|
|
| LEADER |
00000nam a2200000 a 4500 |
| 001 |
UCN7629 |
| 003 |
CL-VaPUC |
| 008 |
011018e19930000MX |||||||||||||||||spa|d |
| 082 |
0 |
4 |
|a 627
|b KIN
|2 21
|
| 100 |
|
|
|a King, Horace Williams
|e author
|9 463628
|
| 245 |
1 |
0 |
|a Manual de hidráulica: para la resolución de problemas de hidráulica
|
| 300 |
|
|
|a 536 p
|
| 942 |
|
|
|c BK
|
| 945 |
|
|
|d 20011018 00:00:00
|a vberengu
|
| 260 |
|
|
|a Ciudad de México
|b UTEHA
|c 1993
|
| 650 |
|
0 |
|a Ingeniería hidráulica
|9 260281
|
| 650 |
|
0 |
|a Hidrostática
|9 260944
|
| 650 |
|
7 |
|a ORIFICIOS
|2 CL-VaPUC
|9 463629
|
| 650 |
|
0 |
|a Aperturas para fluidos
|9 463630
|
| 650 |
|
7 |
|a COMPUERTAS
|2 CL-VaPUC
|9 463631
|
| 650 |
|
0 |
|a Vertederos
|9 332055
|
| 650 |
|
0 |
|a Tuberías
|9 259420
|
| 650 |
|
7 |
|a CANALES
|2 CL-VaPUC
|9 264188
|
| 583 |
|
|
|a last modification
|c 20011018 00:00:00
|k Rodrigo Vera
|
| 999 |
|
|
|c 297870
|d 297868
|
| 952 |
|
|
|0 0
|1 0
|4 0
|6 627_000000000000000_KIN_1993
|7 0
|8 A
|9 352906
|a BIBING
|b BIBING
|d 2019-11-21
|i 3764028
|o 627 KIN 1993
|p 3764028
|r 2025-01-20
|w 2019-11-21
|y BK
|k CCL
|